[Event "Barcelona Sant Marti op-B 17th"]
[Site "Barcelona"]
[Date "2015.07.19"]
[Round "7"]
[White "Castellvell Diez, Maria Nuria"]
[Black "Blanes Gay, Sir Nil"]
[Result "0-1"]
[WhiteElo "1566"]
[BlackElo "1679"]
[PlyCount "53"]
[EventDate "2015.07.13"]
[EventType "swiss"]
[EventRounds "9"]
[EventCountry "ESP"]
[SourceTitle "EXT 2016"]
[Source "ChessBase"]
[SourceDate "2015.10.08"]
[SourceVersion "1"]
[SourceVersionDate "2015.10.08"]
[SourceQuality "1"]

1. e4 e5 2. Nf3 Nc6 3. Be2 Nf6 4. b3 d6 5. Bb2 Be6 6. d3 h6 7. Nbd2 Be7 8. c4 Qd7 9. 0-0 0-0-0 10. Rc1 Rdg8 11. c5 dxc5 12. d4 cxd4 13. Bb5 Bg4 14. Qc2 Bxf3 15. Nxf3 d3 16. Qc4 d2 17. Rfd1 dxc1Q 18. Rxc1 Rd8 19. h3 Rhf8 20. Nxe5 Qe6 21. Qc3 Nxe4 22. Qe3 Rd2 23. Bxc6 bxc6 24. Qxa7 Kd8 25. Nxf7+ Qxf7 26. Qe3 Qxf2+ 27. Kh2 0-1

[Event "Barcelona Sant Marti op-B 17th"]
[Site "Barcelona"]
[Date "2015.07.15"]
[Round "3"]
[White "Palomero Galvez, Antonio"]
[Black "Blanes Gay, Sir Nil"]
[Result "1-0"]
[WhiteElo "1762"]
[BlackElo "1679"]
[PlyCount "81"]
[EventDate "2015.07.13"]
[EventType "swiss"]
[EventRounds "9"]
[EventCountry "ESP"]
[SourceTitle "EXT 2016"]
[Source "ChessBase"]
[SourceDate "2015.10.08"]
[SourceVersion "1"]
[SourceVersionDate "2015.10.08"]
[SourceQuality "1"]

1. d4 d5 2. Nf3 Nf6 3. c4 c6 4. e3 Bf5 5. Nh4 Be6 6. Nd2 g6 7. Be2 Bg7 8. 0-0 0-0 9. f4 Ne4 10. Nxe4 dxe4 11. f5 Bd7 12. Qc2 e6 13. Qxe4 Bf6 14. fxe6 Bxe6 15. Nf3 Re8 16. Qc2 Na6 17. a3 Nc7 18. Bd2 Qd7 19. e4 Rad8 20. e5 Bg7 21. Bg5 Rb8 22. Rad1 Rf8 23. Bf6 Bf5 24. Bd3 Bxf6 25. exf6 Bxd3 26. Qxd3 Rfe8 27. Ne5 Qe6 28. Qg3 b5 29. b3 a5 30. Ng4 Na6 31. Qh4 Kh8 32. Qh6 Rg8 33. Ne5 Rb7 34. Rfe1 bxc4 35. Nxc4 Qd7 36. Re4 Rxb3 37. Rh4 Qxd4+ 38. Rhxd4 Rb5 39. Rd8 Rb8 40. Rxb8 Nxb8 41. Ne5 1-0